| 000 | 00398cam a22001457a 4500 | ||
|---|---|---|---|
| 008 | 180718b2006 xxu||||| |||| 00| 0 eng d | ||
| 020 | _a8120830237 | ||
| 082 | _aA99Am16 Sa58A | ||
| 100 | _aSangharakshita | ||
| 245 |
_aAmbedkar and buddhism _cby Sangharakshita |
||
| 260 |
_aDelhi _bMotilal _c2006 |
||
| 300 | _a181p. | ||
| 650 | _aBuddhismB | ||
| 650 | _ambedkar,B.R - Criticism and interpretation | ||
| 999 |
_c405952 _d405952 |
||